PERSPECTIVER OF DIFFERENT VALIDATION AND CALIBRATION TE3CHNIQUES (Record no. 1221583)

MARC details
000 -LEADER
fixed length control field 00448nam a2200157Ia 4500
008 - FIXED-LENGTH DATA ELEMENTS--GENERAL INFORMATION
fixed length control field 260514s2024 xx 000 0 und d
041 ## - LANGUAGE CODE
Language code of text/sound track or separate title eng
082 ## - DEWEY DECIMAL CLASSIFICATION NUMBER
Classification number 615.1901028/YAD
Item number M-3728
100 ## - MAIN ENTRY--PERSONAL NAME
Personal name DR.VISHAL D. YADAV
245 ## - TITLE STATEMENT
Title PERSPECTIVER OF DIFFERENT VALIDATION AND CALIBRATION TE3CHNIQUES
250 ## - EDITION STATEMENT
Edition statement 1st ed
260 ## - PUBLICATION, DISTRIBUTION, ETC.
Place of publication, distribution, etc. PUNE
Name of publisher, distributor, etc. NIRALI PRAKASHAN
Date of publication, distribution, etc. 2024
300 ## - PHYSICAL DESCRIPTION
Extent P.B.3.24/G-2
650 ## - SUBJECT ADDED ENTRY--TOPICAL TERM
Topical term or geographic name entry element PHARMACEUTICS
700 ## - ADDED ENTRY--PERSONAL NAME
Personal name DR.VAIBHV VAIDYA
Holdings
Withdrawn status Lost status Damaged status Not for loan Home library Current library Date acquired Total Checkouts Full call number Barcode Date last seen Price effective from Koha item type
        College of Pharmacy, Kolhapur College of Pharmacy, Kolhapur 29/07/2025   615.1901028/YAD/M-3728 PCK-M-3728 14/05/2026 14/05/2026 Book